Sławni nerdowie na zdjęciach - Statystyki

Ogólne statystyki
  • Ten quiz został rozwiązany 954 razy
    943 od ostatniego zresetowania
  • Średni wynik to 9 z 20
Statystyki odpowiedzi
Obrazkowy Odpowiedź % Poprawnych
Albert Einstein
98%
Mark Zuckerberg
83%
Stephen Hawking
75%
Dexter
68%
Hermiona Granger
67%
Peter Parker
67%
Izaak Newton
65%
Velma Dinkley
61%
Bill Gates
53%
Sheldon Cooper
44%
Clark Kent
43%
Ross Geller
36%
Spock
25%
Steve Wozniak
22%
Steve Urkel
15%
Weird Al Yankovic
13%
Carl Sagan
8%
Napoleon Wybuchowiec
8%
Martin Prince
7%
Carlton Banks
6%
Nie znaleziono quizów pasujących do podanych kryteriów
Rozkład punktacji
Procent ludzi z każdym wynikiem
Percentyl według liczby udzielonych odpowiedzi
Twoja historia wyników
Nie rozwiązałeś tego quizu od ostatniego zresetowania